Vplyv prebiehajúcej krízy na emigráciu z krajín V4 do Nemecka a Spojeného kráľovstva

Vysoká nezamestnanosť mladých ľudí v krajinách V4 vytvára predpoklady odchodu mladých ľudí z týchto krajín, výsledkom je nárast emigrácie napríklad do Nemecka a Spojeného kráľovstva. Výzvy, ktoré si vyžadujú riešenie vo forme vytvárania nových pracovných miest pre mladých ľudí.

Salvato in:
Dettagli Bibliografici
Autore principale: Mäsiar, Ondrej
Natura: Capitolo di libro
Lingua:slovacco
Soggetti:
Tags: Aggiungi Tag
Nessun Tag, puoi essere il primo ad aggiungerne!!

MARC

LEADER 00000nla a2200000 4500
001 0179521
005 20240603080730.8
041 0 |a slo 
044 |a SK 
245 1 0 |a Vplyv prebiehajúcej krízy na emigráciu z krajín V4 do Nemecka a Spojeného kráľovstva  |c Ondrej Mäsiar 
520 |a Vysoká nezamestnanosť mladých ľudí v krajinách V4 vytvára predpoklady odchodu mladých ľudí z týchto krajín, výsledkom je nárast emigrácie napríklad do Nemecka a Spojeného kráľovstva. Výzvy, ktoré si vyžadujú riešenie vo forme vytvárania nových pracovných miest pre mladých ľudí. 
610 2 0 |a migrácia 
610 2 0 |a mládež 
610 2 0 |a absolventi 
610 2 0 |a Vyšehradská štvorka 
610 2 0 |a pohyb síl pracovných medzinárodný 
610 2 0 |a práca v zahraničí 
100 1 |a Mäsiar, Ondrej